LEADER 00816nam a2200229 i 4500 001 000000055976 003 CaOOAMICUS 005 20071218000000.0 008 071218s1990 it u000 u ita u 013 $a27148 020 $a88-17-66530-4 040 $aSeMil$bita 100 1 $aPiccioli, Gian Luigi <1932->.$0(OLS)http://semarc/name/28211 245 10$aCuore di legno /$cGian Luigi Piccioli. 260 $aMilano :$bRizzoli,$c1990. 300 $a142 p. ;$c23 cm. 850 $aSeMil 852 $aSeMil$W1$xVenegono$y1$m1O VI 9$j22130$B22130$CSeMilBibl$Z2$F22132 $81 961 $aOmaggio: Poma mons. Gianfranco 996 $6020$a88-17-66530-4$9(OLS)http://semarc/number/31096 996 $6245$aCuore di legno$9(OLS)http://semarc/title/86930 996 $6260$aMilano :$bRizzoli$9(OLS)http://semarc/publisher/29824 LEADER 01207nam a2200265 i 4500 001 000000099259 003 CaOOAMICUS 005 20180323000000.0 008 180323s1987 it u000 u ita u 013 $a71411 020 $a88-384-2006-8 040 $aSeMil$bita 245 10$aDecreto sul rinnovamento della vita religiosa Perfectae caritatis /$cintroduzione e commento di Vincenzo Fagiolo. 260 $aCasale Monferrato (AL) :$bPiemme,$c1987. 300 $a108 p. ;$c21 cm. 490 0 $aConcilio Vaticano 2 ;$v7 650 4$aConcilio Vaticano II <1962-1965> - Decreti . Perfectae Caritatis.$0(OLS)http://semarc/subject/8384 700 1 $aFagiolo, Vincenzo,$d<1918-2020>.$0(OLS)http://semarc/name/12606 830 0$aConcilio Vaticano 2 ;$v7.$0(OLS)http://semarc/title/13688 850 $aSeMil 852 $aSeMil$W1$xVenegono$y1$m2A II 603$j56831$B56831$CSeMilBibl$Z2$F66770 $81 961 $aRecupero: Seminario di Seveso 996 $6020$a88-384-2006-8$9(OLS)http://semarc/number/79420 996 $6245$aDecreto sul rinnovamento della vita religiosa Perfectae caritatis$9(OLS)http://semarc/title/406457 996 $6260$aCasale Monferrato (AL) :$bPiemme$9(OLS)http://semarc/publisher/30052